书目信息 |
| 题名: |
市场营销学
|
|
| 作者: | ;韩庆祥 主编 ;教育部高等教育司组编 | |
| 分册: | ||
| 出版信息: | 北京 高等教育出版社 1999.06 |
|
| 页数: | 354页 | |
| 开本: | 20cm | |
| 丛书名: | ||
| 单 册: | ||
| 中图分类: | F713.5 | |
| 科图分类: | ||
| 主题词: | 商业经济--国内 | |
| 电子资源: | ||
| ISBN: | 978-7-04-007073-6 | |
| 000 | 00698nam0 2200205 45 | |
| 001 | 2028807781 | |
| 005 | 20201029080107.30 | |
| 010 | @a978-7-04-007073-6@dRMB 13.40 | |
| 100 | @a20201029d1999 km y0chiy0120 ea | |
| 101 | 0 | @achi |
| 102 | @aCN@b110000 | |
| 200 | 1 | @a市场营销学@Ashi chang ying xiao xue@f教育部高等教育司组编 ; 韩庆祥主编@Fjiao yu bu gao deng jiao yu si zu bian;han qing xiang zhu bian |
| 210 | @a北京@c高等教育出版社@d1999.06 | |
| 215 | @a354页@d20cm | |
| 606 | 0 | @a商业经济@x国内 |
| 690 | @aF713.5@v4 | |
| 702 | 0 | @a韩庆祥@Ahan qing xiang@4主编 |
| 711 | 02 | @a教育部高等教育司组编@Ajiao yu bu gao deng jiao yu si zu bian |
| 801 | 0 | @aCN@bPFT@c20201029 |
| 905 | @a10447@dF713.5@eH097 | |
| 市场营销学/教育部高等教育司组编 ; 韩庆祥主编.-北京:高等教育出版社,1999.06 |
| 354页;20cm |
| ISBN 978-7-04-007073-6:RMB 13.40 |
| ● |
| 相关链接 |
|
|
|
正题名:市场营销学
索取号:F713.5/H097
 
预约/预借
| 序号 | 登录号 | 条形码 | 馆藏地/架位号 | 状态 | 备注 |
| 1 | 1500110 | 215001101 | 社科库409/409社科库 43排1列2层/ [索取号:F713.5/H097] | 在馆 |